Daisy Jealousy (Titelsatznr. 1543)

[ MARC ]
MARC-Details
000 -LEADER
fixed length control field 03155cam a2200625 c 4500
001 - CONTROL NUMBER
control field 1947601326
003 - CONTROL NUMBER IDENTIFIER
control field DE-627
005 - DATE AND TIME OF LATEST TRANSACTION
control field 20260324170625.0
007 - PHYSICAL DESCRIPTION FIXED FIELD--GENERAL INFORMATION
fixed length control field cr uuu---uuuuu
008 - FIXED-LENGTH DATA ELEMENTS--GENERAL INFORMATION
fixed length control field 251226s2022 gw |||||o 00| ||ger c
020 ## - INTERNATIONAL STANDARD BOOK NUMBER
International Standard Book Number 9783646723441
Terms of availability EPUB
024 7# - OTHER STANDARD IDENTIFIER
Standard number or code urn:nbn:de:gbv:18-epflicht-302634
Source of number or code urn
035 ## - SYSTEM CONTROL NUMBER
System control number (DE-627)1947601326
035 ## - SYSTEM CONTROL NUMBER
System control number (DE-599)KEP122302486
035 ## - SYSTEM CONTROL NUMBER
System control number (EPFHH-CARLSEN)9783646723441_9783646723441
035 ## - SYSTEM CONTROL NUMBER
System control number (EPFHH)162acafb-c574-437a-b572-f21eea19a028
035 ## - SYSTEM CONTROL NUMBER
System control number (DE-627-1)122302486
040 ## - CATALOGING SOURCE
Original cataloging agency DE-627
Language of cataloging ger
Transcribing agency DE-627
Description conventions rda
041 ## - LANGUAGE CODE
Language code of text/sound track or separate title ger
Language code of original jpn
044 ## - COUNTRY OF PUBLISHING/PRODUCING ENTITY CODE
ISO country code XA-DE-HH
072 #7 - SUBJECT CATEGORY CODE
Subject category code 9182
Source wsb
082 04 - DEWEY DECIMAL CLASSIFICATION NUMBER
Classification number 741.5
Assigning agency DE-576
245 00 - TITLE STATEMENT
Title Daisy Jealousy
Remainder of title Yaoi-Einzelband ab 18 - Die Games-Branche von einer ganz neuen Seite! | Romantischer Boys-Love-Einzelband ab 18 über zwei Konkurrenten aus der Gaming-Szene
Statement of responsibility, etc. Ogeretsu Tanaka, Victoria Maria Zach
250 ## - EDITION STATEMENT
Edition statement 1. Auflage
264 #1 - PRODUCTION, PUBLICATION, DISTRIBUTION, MANUFACTURE, AND COPYRIGHT NOTICE
Place of production, publication, distribution, manufacture Hamburg
Name of producer, publisher, distributor, manufacturer Hayabusa
Date of production, publication, distribution, manufacture, or copyright notice 2022
300 ## - PHYSICAL DESCRIPTION
Extent 1 Online-Ressource (272 S.)
Other physical details Illustrationen
336 ## - CONTENT TYPE
Content type term Text
Content type code txt
Source rdacontent
337 ## - MEDIA TYPE
Media type term Computermedien
Media type code c
Source rdamedia
338 ## - CARRIER TYPE
Carrier type term Online-Ressource
Carrier type code cr
Source rdacarrier
520 ## - SUMMARY, ETC.
Summary, etc. Zwischen Eifersucht und wachsender Zuneigung: Die Geschichte von Misaki und Kaname Misaki ist schon seit seiner Kindheit leidenschaftlicher Gamer und will mit einem Designstudium seinem Traum näherkommen, bei der Firma Gold Games zu arbeiten. Doch sein Weg dorthin ist nicht einfach. Vor allem wegen seines größten Rivalen im Studium, dem geheimnisvollen Kaname. Als kurz vor einer wichtigen Abgabe Kanames Daten gelöscht werden, bietet Misaki seine Hilfe an. Dabei entdeckt er, dass hinter Kanames unnahbarer Fassade viel mehr steckt. Die beiden ahnen nicht, welche emotionale Achterbahnfahrt ihnen bevorsteht. - Spice-Level: 2 von 5 Chilis. In diesem Boys-Love-Titel stehen die Gefühle im Mittelpunkt. Mit einzelnen expliziten Szenen. - Yaoi-Manga ab 18 Jahren über Leidenschaft und Rivalität in der Gaming-Welt - Einzelband Ein Muss für alle Fans von romantischen Slice-of-Life und Yaoi-Manga
583 1# - ACTION NOTE
Action Archivierung/Langzeitarchivierung gewährleistet
Authorization PEHH
Action agent DE-576
Source of term pdager
Institution to which field applies DE-18
650 #4 - SUBJECT ADDED ENTRY--TOPICAL TERM
Topical term or geographic name entry element Daisy Jealousy manga
650 #4 - SUBJECT ADDED ENTRY--TOPICAL TERM
Topical term or geographic name entry element Tanaka Ogeretsu
650 #4 - SUBJECT ADDED ENTRY--TOPICAL TERM
Topical term or geographic name entry element yaoi manga deutsch 18 unzensiert
650 #4 - SUBJECT ADDED ENTRY--TOPICAL TERM
Topical term or geographic name entry element gamer manga boys liebe
650 #4 - SUBJECT ADDED ENTRY--TOPICAL TERM
Topical term or geographic name entry element bl manga einzelband
650 #4 - SUBJECT ADDED ENTRY--TOPICAL TERM
Topical term or geographic name entry element gay manga
650 #4 - SUBJECT ADDED ENTRY--TOPICAL TERM
Topical term or geographic name entry element schwule Liebe
650 #4 - SUBJECT ADDED ENTRY--TOPICAL TERM
Topical term or geographic name entry element slice of life manga romance
650 #4 - SUBJECT ADDED ENTRY--TOPICAL TERM
Topical term or geographic name entry element hayabusa manga ab 18
650 #4 - SUBJECT ADDED ENTRY--TOPICAL TERM
Topical term or geographic name entry element boys love manga geschenk für nerds
650 #4 - SUBJECT ADDED ENTRY--TOPICAL TERM
Topical term or geographic name entry element hayabusa manga für erwachsene
650 #4 - SUBJECT ADDED ENTRY--TOPICAL TERM
Topical term or geographic name entry element manhwa yaoi
650 #4 - SUBJECT ADDED ENTRY--TOPICAL TERM
Topical term or geographic name entry element schwule liebesromane
650 #4 - SUBJECT ADDED ENTRY--TOPICAL TERM
Topical term or geographic name entry element romance manga ab 18
650 #4 - SUBJECT ADDED ENTRY--TOPICAL TERM
Topical term or geographic name entry element erotik manga
650 #4 - SUBJECT ADDED ENTRY--TOPICAL TERM
Topical term or geographic name entry element japanische leserichtung
951 ## - EQUIVALENCE OR CROSS-REFERENCE--GEOGRAPHIC NAME/AREA NAME [OBSOLETE] [CAN/MARC only]
Geographic name BO
700 1# - ADDED ENTRY--PERSONAL NAME
Personal name Tanaka, Ogeretsu
Relator term VerfasserIn
Relationship aut
700 1# - ADDED ENTRY--PERSONAL NAME
Personal name Zach, Victoria Maria
Relator term ÜbersetzerIn
Relationship trl
776 1# - ADDITIONAL PHYSICAL FORM ENTRY
International Standard Book Number 9783551621382
776 08 - ADDITIONAL PHYSICAL FORM ENTRY
Relationship information Erscheint auch als
Note Druck-Ausgabe
International Standard Book Number 9783551621382
856 40 - ELECTRONIC LOCATION AND ACCESS
Uniform Resource Identifier <a href="https://nbn-resolving.org/urn:nbn:de:gbv:18-epflicht-302634">https://nbn-resolving.org/urn:nbn:de:gbv:18-epflicht-302634</a>
Contact for access assistance X:EPF
Public note lizenzpflichtig
Access status 1
942 ## - ADDED ENTRY ELEMENTS (KOHA)
Source of classification or shelving scheme Dewey Decimal Classification
Koha item type Manga
Suppress in OPAC No
Exemplare
Withdrawn status Lost status Source of classification or shelving scheme Damaged status Not for loan Home library Current library Shelving location Date acquired Total checkouts Barcode Date last seen Price effective from Koha item type
    Dewey Decimal Classification     Bunte Manga Potsdam Bunte Manga Potsdam Romance - Boy's Love 03/24/2026   1523 03/24/2026 03/24/2026 Manga

Powered by Koha